[Event "Vienna Chess Open 2013"]
[Site "Großer Festsaal im Wiener Rat"]
[Date "2013.08.22"]
[Round "6.13"]
[White "Weinzettl, Ernst"]
[Black "Hertneck, Gerald"]
[Result "1/2-1/2"]
[WhiteElo "2304"]
[BlackElo "2499"]
[PlyCount "140"]
[EventDate "2013.??.??"]

1. e4 e6 2. d4 d5 3. Nd2 Nf6 4. Bd3 c5 5. dxc5 Nc6 6. c3 Ne5 7. Bc2 dxe4 8.
Nxe4 Qxd1+ 9. Kxd1 Nxe4 10. Bxe4 f5 11. Bc2 Bxc5 12. Nh3 Bd7 13. Re1 Nc4 14. b3
Nd6 15. Be3 Rc8 16. Nf4 Nb5 17. Bxc5 Nxc3+ 18. Kd2 Rxc5 19. Nxe6 Bxe6 20. Rxe6+
Kf7 21. Rd6 Re8 22. Bd3 Ne4+ 23. Bxe4 Rxe4 24. Re1 Rxe1 25. Kxe1 Ke7 26. Rd2
Rc1+ 27. Ke2 g5 28. h3 h5 29. Ke3 Re1+ 30. Kf3 Re5 31. Rd4 Ra5 32. a4 Rc5 33.
Rd3 a5 34. g3 Ke6 35. Ke3 Re5+ 36. Kf3 Re4 37. Rd8 Rb4 38. Rd3 Ke5 39. Ke2 Re4+
40. Kf1 b6 41. Rc3 Kd5 42. Rf3 f4 43. gxf4 Rxf4 44. Rg3 Rf5 45. Rc3 Kd4 46. Rc6
b5 47. Ke2 Rc5 48. axb5 Rxb5 49. Rc4+ Kd5 50. Ra4 Kc6 51. Kf1 Kb6 52. Ra3 Rb4
53. Kg2 Kb5 54. Kg1 g4 55. hxg4 Rxg4+ 56. Kh2 h4 57. Kh3 Rf4 58. Ra2 Rd4 59.
Ra3 Rd5 60. Kxh4 Kb4 61. Ra1 Kxb3 62. f4 a4 63. Kg4 a3 64. f5 Kb2 65. Rf1 a2
66. f6 Rd7 67. Rf2+ Kb3 68. Rf1 Rc7 69. Ra1 Kb2 70. Rxa2+ Kxa2 1/2-1/2

[Event "Vienna Chess Open 2013"]
[Site "Großer Festsaal im Wiener Rat"]
[Date "2013.08.22"]
[Round "6.14"]
[White "Ramondino, Renzo"]
[Black "Cherniaev, Alexander"]
[Result "0-1"]
[WhiteElo "2205"]
[BlackElo "2451"]
[PlyCount "44"]
[EventDate "2013.??.??"]

1. Nf3 g6 2. c4 Bg7 3. d4 f5 4. g3 Nf6 5. Bg2 O-O 6. O-O c6 7. Nc3 Na6 8. Rb1
Ne4 9. Qb3 Kh8 10. e3 Nc7 11. Qc2 d6 12. Rd1 Be6 13. d5 cxd5 14. Nxd5 Nxd5 15.
cxd5 Bg8 16. Nd2 Nf6 17. Qd3 Qd7 18. e4 fxe4 19. Nxe4 Nxd5 20. Nxd6 Qxd6 21.
Bxd5 Rad8 22. Be4 Qe6 0-1

[Event "Vienna Chess Open 2013"]
[Site "Großer Festsaal im Wiener Rat"]
[Date "2013.08.22"]
[Round "6.16"]
[White "Fröwis, Georg"]
[Black "Ådnøy, Hallvard"]
[Result "1-0"]
[WhiteElo "2432"]
[BlackElo "2256"]
[PlyCount "97"]
[EventDate "2013.??.??"]

1. c4 g6 2. g3 Bg7 3. Bg2 e5 4. Nc3 Nc6 5. e3 d6 6. Nge2 h5 7. Rb1 h4 8. b4 h3
9. Bf3 f5 10. d3 g5 11. O-O Nf6 12. Nd5 Nxd5 13. Bxd5 Ne7 14. Bh1 O-O 15. f4
Ng6 16. b5 Rb8 17. fxe5 dxe5 18. Ba3 Rf6 19. Nc3 g4 20. Bd5+ Kh7 21. Qe1 Bd7
22. e4 f4 23. c5 a6 24. bxa6 Rxa6 25. Bc1 Qe7 26. gxf4 exf4 27. Bxf4 Nxf4 28.
Rxf4 Qxc5+ 29. Kh1 Qxc3 30. Qxc3 Bxc3 31. Rf7+ Kg6 32. Rxd7 c6 33. Bf7+ Kh6 34.
Rg1 Rb6 35. Rd6+ Kg7 36. Bb3 Rf8 37. Rxg4+ Kh7 38. Rh4+ Kg7 39. Rxh3 Rb5 40.
Rg3+ Kh7 41. Kg2 Be5 42. Rd7+ Kh6 43. Rh3+ Kg6 44. d4 Bf4 45. e5 Rf5 46. Rd8
Bxe5 47. dxe5 Rfxe5 48. Rg8+ Kf5 49. Rf3+ 1-0

[Event "Vienna Chess Open 2013"]
[Site "Großer Festsaal im Wiener Rat"]
[Date "2013.08.22"]
[Round "6.17"]
[White "Manik, Mikulas"]
[Black "Swicarz, Maciej"]
[Result "0-1"]
[WhiteElo "2413"]
[BlackElo "2238"]
[PlyCount "76"]
[EventDate "2013.??.??"]

1. e4 e5 2. Nf3 Nf6 3. Nxe5 d6 4. Nf3 Nxe4 5. Nc3 Nxc3 6. dxc3 Be7 7. Bf4 Nc6
8. Qd2 Be6 9. O-O-O Qd7 10. b3 O-O-O 11. Ng5 Bxg5 12. Bxg5 f6 13. Be3 a6 14. h3
h5 15. Be2 Bf5 16. c4 Qe7 17. Kb2 Qe5+ 18. c3 Be4 19. f3 Bf5 20. f4 Qe6 21.
Rhe1 Be4 22. Bf2 Rde8 23. Bf1 f5 24. Bh4 Qg6 25. Re3 Re6 26. b4 Rhe8 27. b5
axb5 28. cxb5 Na5 29. Rde1 d5 30. Rg3 Qf7 31. Qd4 g6 32. Rge3 Rd6 33. Ka1 Kd7
34. R3e2 Ra8 35. Qb4 d4 36. Rb2 d3 37. Rd1 Nc4 38. Rf2 Ne3 0-1

[Event "Vienna Chess Open 2013"]
[Site "Großer Festsaal im Wiener Rat"]
[Date "2013.08.22"]
[Round "6.18"]
[White "Van Kerkhof, David"]
[Black "Handler, Lukas"]
[Result "0-1"]
[WhiteElo "2300"]
[BlackElo "2393"]
[PlyCount "56"]
[EventDate "2013.??.??"]

1. c4 Nf6 2. g3 e6 3. Bg2 d5 4. Nf3 dxc4 5. Na3 Bxa3 6. bxa3 O-O 7. Bb2 Nc6 8.
Qc2 Re8 9. Qxc4 e5 10. O-O Be6 11. Qh4 Qd6 12. d3 h6 13. Rfc1 Rad8 14. Rc2 Bd5
15. Rac1 Nd7 16. Rd2 Ne7 17. e4 Ng6 18. Qh5 Nf6 19. Qf5 Be6 20. Bxe5 Qd7 21.
Bxf6 Bxf5 22. Bxd8 Qxd8 23. exf5 Ne7 24. f6 gxf6 25. Nh4 c6 26. Be4 f5 27. Bf3
Ng6 28. Rc4 b5 0-1

[Event "Vienna Chess Open 2013"]
[Site "Großer Festsaal im Wiener Rat"]
[Date "2013.08.22"]
[Round "6.19"]
[White "Buhmann, Rainer"]
[Black "Minko, Vladimir"]
[Result "1-0"]
[WhiteElo "2583"]
[BlackElo "2287"]
[PlyCount "97"]
[EventDate "2013.??.??"]

1. Nf3 Nf6 2. g3 e6 3. Bg2 d5 4. O-O c5 5. d4 Nc6 6. c4 cxd4 7. Nxd4 Be7 8.
cxd5 exd5 9. Nc3 O-O 10. Be3 Be6 11. Rc1 Qa5 12. Qa4 Qxa4 13. Nxa4 Nxd4 14.
Bxd4 b6 15. Nc3 Rfd8 16. Rfd1 Rd7 17. e3 Rad8 18. f3 Ne8 19. Nb5 Kf8 20. Bf1
Rb7 21. Kf2 Rc8 22. Rxc8 Bxc8 23. Be5 Bf6 24. Bxf6 Nxf6 25. Rc1 Be6 26. Nd4 Ne8
27. Rc3 Rc7 28. Ra3 Nd6 29. Bd3 Bd7 30. Ke2 Ke7 31. Kd2 g6 32. Ne2 Be6 33. Ra4
h6 34. Nf4 g5 35. Ne2 Bf5 36. Bxf5 Nxf5 37. Nc3 Rd7 38. g4 Nh4 39. Ke2 Ng6 40.
Nb5 a5 41. Nd4 Rc7 42. Ra3 Ne5 43. Rb3 Nd7 44. Rd3 Rc1 45. Nf5+ Ke6 46. Rc3 Rh1
47. Rc6+ Ke5 48. Nxh6 Rxh2+ 49. Ke1 1-0

[Event "Vienna Chess Open 2013"]
[Site "Großer Festsaal im Wiener Rat"]
[Date "2013.08.22"]
[Round "6.21"]
[White "Rombaldoni, Denis"]
[Black "Esposito, Luca"]
[Result "1-0"]
[WhiteElo "2496"]
[BlackElo "2277"]
[PlyCount "61"]
[EventDate "2013.??.??"]

1. d4 Nf6 2. Bg5 g6 3. Bxf6 exf6 4. c4 Bg7 5. Nc3 O-O 6. g3 d6 7. Bg2 f5 8. e3
Nd7 9. Nge2 Nf6 10. b4 c6 11. O-O Re8 12. Rc1 Ne4 13. Qc2 Qe7 14. Rfd1 Bd7 15.
d5 c5 16. Nxe4 fxe4 17. bxc5 dxc5 18. d6 Qf6 19. Bxe4 Rab8 20. Rd2 Red8 21. Bg2
Be8 22. Rcd1 Bd7 23. e4 g5 24. f4 gxf4 25. gxf4 Qg6 26. Ng3 Bg4 27. Rf1 Rxd6
28. f5 Rxd2 29. Qxd2 Qf6 30. Qf4 h5 31. Qxb8+ 1-0

[Event "Vienna Chess Open 2013"]
[Site "Großer Festsaal im Wiener Rat"]
[Date "2013.08.22"]
[Round "6.22"]
[White "Petrov, Marijan"]
[Black "Kirschner, Alexander"]
[Result "1-0"]
[WhiteElo "2489"]
[BlackElo "2276"]
[PlyCount "99"]
[EventDate "2013.??.??"]

1. e4 e6 2. d4 d5 3. e5 c5 4. c3 Nc6 5. Nf3 Bd7 6. Be2 f6 7. O-O fxe5 8. Nxe5
Nxe5 9. dxe5 Qc7 10. f4 O-O-O 11. Nd2 Nh6 12. Nf3 Be7 13. Bd3 Nf7 14. Qe2 Rdg8
15. c4 d4 16. b4 b6 17. bxc5 bxc5 18. Rb1 g6 19. Bd2 Bc6 20. Be4 Nd8 21. Ne1
Kd7 22. Rf3 Bxe4 23. Qxe4 Nc6 24. Rfb3 Rb8 25. Nd3 Rxb3 26. axb3 a5 27. Ra1 Rb8
28. Ra3 Rf8 29. Qe1 Ra8 30. g4 Qd8 31. Qe4 Qf8 32. Ra1 Rb8 33. Bxa5 Rxb3 34.
Bd2 Qb8 35. Kf2 Qf8 36. Ke2 Rb6 37. Rf1 Qf7 38. f5 gxf5 39. gxf5 Qh5+ 40. Qf3
Qxf3+ 41. Rxf3 exf5 42. Rxf5 Ra6 43. Rf7 Ra2 44. Rxh7 Ke6 45. Rh6+ Kf5 46. Rxc6
Bg5 47. Rf6+ Ke4 48. Nxc5+ Kxe5 49. Nd7+ Ke4 50. Re6+ {Kf4} 1-0

[Event "Vienna Chess Open 2013"]
[Site "Großer Festsaal im Wiener Rat"]
[Date "2013.08.22"]
[Round "6.23"]
[White "Akesson, Ralf"]
[Black "Ganaus, Hannes"]
[Result "1-0"]
[WhiteElo "2455"]
[BlackElo "2269"]
[PlyCount "93"]
[EventDate "2013.??.??"]

1. Nf3 d5 2. d4 Nf6 3. c4 c6 4. e3 a6 5. Bd3 g6 6. O-O Bg7 7. Nc3 O-O 8. Qb3
dxc4 9. Bxc4 Ne8 10. Qc2 Nd6 11. Bb3 Nd7 12. e4 c5 13. Ne2 cxd4 14. Nexd4 Nb6
15. e5 Nb5 16. Rd1 Qc7 17. Be3 Qxc2 18. Nxc2 Nd7 19. e6 Ne5 20. Nxe5 Bxe5 21.
Bh6 Bg7 22. exf7+ Kh8 23. Bxg7+ Kxg7 24. Nd4 Nxd4 25. Rxd4 b5 26. Re1 Ra7 27.
h4 a5 28. a3 Rb7 29. f3 e6 30. Bxe6 Bxe6 31. Rxe6 Rfxf7 32. Ra6 Ra7 33. Rdd6
Rxa6 34. Rxa6 a4 35. Rb6 Rf5 36. Rb7+ Kg8 37. Rb8+ Kg7 38. Rb7+ Kg8 39. Kf2 h5
40. Ke3 Kf8 41. g3 Kg8 42. f4 Rc5 43. Kd4 Rc2 44. Rxb5 Rg2 45. Rg5 Rxb2 46.
Rxg6+ Kf7 47. Rc6 1-0

[Event "Vienna Chess Open 2013"]
[Site "Großer Festsaal im Wiener Rat"]
[Date "2013.08.22"]
[Round "6.24"]
[White "Arkell, Keith"]
[Black "Schwab, Rene"]
[Result "1-0"]
[WhiteElo "2444"]
[BlackElo "2255"]
[PlyCount "45"]
[EventDate "2013.??.??"]

1. d4 Nf6 2. Nf3 b6 3. c4 Bb7 4. Nc3 Ne4 5. Qc2 Nxc3 6. Qxc3 e6 7. g3 Be7 8.
Bg2 O-O 9. O-O c5 10. Qd3 cxd4 11. Ng5 Bxg5 12. Bxb7 Bxc1 13. Raxc1 Nc6 14.
Bxa8 Qxa8 15. Qf3 Qb8 16. Rfd1 Re8 17. Rd2 e5 18. Qd5 Qc7 19. c5 b5 20. a3 Re6
21. e3 a6 22. exd4 exd4 23. Rxd4 1-0

[Event "Vienna Chess Open 2013"]
[Site "Großer Festsaal im Wiener Rat"]
[Date "2013.08.22"]
[Round "6.25"]
[White "Beshukov, Sergei"]
[Black "Abdumalik, Zhansaya"]
[Result "1-0"]
[WhiteElo "2441"]
[BlackElo "2265"]
[PlyCount "97"]
[EventDate "2013.??.??"]

1. c4 e5 2. Nc3 Nf6 3. Nf3 Nc6 4. a3 d5 5. cxd5 Nxd5 6. e4 Nb6 7. Bb5 Bg4 8. h3
Bxf3 9. Bxc6+ bxc6 10. Qxf3 Bc5 11. O-O O-O 12. d3 Qd6 13. Rd1 Rad8 14. Be3 Bd4
15. Rac1 Rd7 16. Bxd4 Qxd4 17. Rc2 Rfd8 18. b4 a6 19. Ne2 Qd6 20. Nc1 Qe6 21.
Qg4 Qf6 22. Rdd2 Rd4 23. Qd1 Qe6 24. Rc3 R4d6 25. Nb3 Na4 26. Rc1 Nb6 27. Na5
Rb8 28. Qc2 f5 29. Nxc6 Rf8 30. Qa2 Qxa2 31. Rxa2 Re8 32. exf5 Rxd3 33. Na5 Nd5
34. Rc6 e4 35. Re6 Rxe6 36. fxe6 Kf8 37. Nb7 Ke7 38. Nc5 Rd1+ 39. Kh2 e3 40.
fxe3 Nxe3 41. g4 g5 42. Nxa6 Nf1+ 43. Kg2 Kxe6 44. Nxc7+ Ke5 45. Kf2 Kd4 46.
Ne6+ Kd3 47. Nxg5 Ne3 48. Nxh7 Nc2 49. g5 1-0

[Event "Vienna Chess Open 2013"]
[Site "Großer Festsaal im Wiener Rat"]
[Date "2013.08.22"]
[Round "6.26"]
[White "Kilgus, Georg"]
[Black "Khmelevskyi, Sergii"]
[Result "1/2-1/2"]
[WhiteElo "2434"]
[BlackElo "2254"]
[PlyCount "111"]
[EventDate "2013.??.??"]

1. Nf3 Nf6 2. g3 b5 3. Na3 a6 4. Bg2 Bb7 5. c4 e6 6. cxb5 Bxa3 7. bxa6 Nxa6 8.
bxa3 O-O 9. O-O Nc5 10. d3 Ra6 11. Qc2 d6 12. e4 Qa8 13. Nd4 Rc8 14. Rb1 Ncd7
15. Nb5 Ne8 16. Nc3 c5 17. a4 Bc6 18. Bd2 Bxa4 19. Nxa4 Rxa4 20. Rb2 Rc7 21.
Ra1 Qa6 22. Bf1 Qa8 23. a3 Rca7 24. Qb1 Rxa3 25. Rxa3 Rxa3 26. Rb7 Ra7 27. Rxa7
Qxa7 28. Qb5 Kf8 29. f4 Ke7 30. Be3 Nc7 31. Qb2 f6 32. d4 Qa8 33. dxc5 dxc5 34.
Qc2 Qa5 35. Qd3 Qb4 36. e5 Nd5 37. exf6+ N7xf6 38. Bf2 Ne4 39. h4 Nxf2 40. Kxf2
Qd4+ 41. Qxd4 cxd4 42. Kf3 Nc3 43. Bd3 h6 44. g4 Kd6 45. g5 e5 46. fxe5+ Kxe5
47. gxh6 gxh6 48. Kg4 Nd5 49. Bb1 Nf4 50. Bc2 Ng2 51. Bb1 Ne3+ 52. Kh5 Nf5 53.
Kg4 Ng7 54. Bc2 Kf6 55. Kf4 h5 56. Bd1 1/2-1/2

[Event "Vienna Chess Open 2013"]
[Site "Großer Festsaal im Wiener Rat"]
[Date "2013.08.22"]
[Round "6.27"]
[White "Blechzin, Igor"]
[Black "Wiesinger, Robert"]
[Result "0-1"]
[WhiteElo "2428"]
[BlackElo "2252"]
[PlyCount "116"]
[EventDate "2013.??.??"]

1. c4 e5 2. Nc3 Nf6 3. Nf3 Nc6 4. a3 a5 5. d4 exd4 6. Nxd4 g6 7. g3 Bg7 8. Bg2
Nxd4 9. Qxd4 O-O 10. O-O d6 11. Qh4 Re8 12. Bg5 c6 13. Rad1 Re6 14. Ne4 h6 15.
Bxf6 Bxf6 16. Nxf6+ Qxf6 17. Qxf6 Rxf6 18. c5 d5 19. e4 Bg4 20. f3 Bd7 21. e5
Re6 22. f4 Ree8 23. Kf2 f6 24. exf6 Kf7 25. h3 h5 26. Rfe1 Kxf6 27. Rd4 Rxe1
28. Kxe1 a4 29. Kf2 Ra5 30. Rb4 Bc8 31. Kf3 Rxc5 32. Rxa4 Bf5 33. Bf1 Rc1 34.
Kf2 Rc2+ 35. Kf3 Rc1 36. Kf2 Rc2+ 37. Kf3 Rxb2 38. Rb4 Rxb4 39. axb4 b6 40. g4
hxg4+ 41. hxg4 Bb1 42. Ba6 c5 43. bxc5 bxc5 44. Ke3 Ke6 45. Bb7 Kd6 46. Ba8 Be4
47. Bb7 Bc2 48. Kd2 Ba4 49. Ba6 c4 50. Ke2 Bd7 51. f5 gxf5 52. g5 Ke5 53. Kf3
Be6 54. Bb5 d4 55. Be8 Bd5+ 56. Ke2 f4 57. Kd2 Kf5 58. g6 Ke5 0-1

[Event "Vienna Chess Open 2013"]
[Site "Großer Festsaal im Wiener Rat"]
[Date "2013.08.22"]
[Round "6.28"]
[White "Pöttinger, Harald"]
[Black "Sanal, Vahap"]
[Result "0-1"]
[WhiteElo "2256"]
[BlackElo "2421"]
[PlyCount "88"]
[EventDate "2013.??.??"]

1. c4 Nf6 2. g3 e5 3. Bg2 h6 4. Nc3 Bb4 5. Qc2 O-O 6. a3 Be7 7. Nf3 d6 8. d4
exd4 9. Nxd4 Re8 10. O-O Bf8 11. h3 g6 12. e4 Nbd7 13. Be3 c6 14. Rad1 Qc7 15.
Rfe1 a6 16. f4 Rb8 17. a4 a5 18. Bf2 Bg7 19. Nb3 b6 20. Nd4 Bb7 21. Ndb5 cxb5
22. Nxb5 Qd8 23. Nxd6 Ba8 24. Nxe8 Qxe8 25. e5 Nh7 26. Bxa8 Rxa8 27. Rd5 Nhf8
28. Red1 Rc8 29. Rd6 Rc7 30. Qb3 Qc8 31. Qb5 g5 32. b3 gxf4 33. gxf4 Nc5 34.
Qxb6 Ne4 35. R6d3 Rc6 36. Qe3 Rg6+ 37. Kh2 Qf5 38. Be1 Ne6 39. Rd4 Nxd4 40.
Rxd4 Nc5 41. b4 Ne6 42. Re4 Nxf4 43. Bc3 Qg5 44. Qf2 Nd3 0-1

[Event "Vienna Chess Open 2013"]
[Site "Großer Festsaal im Wiener Rat"]
[Date "2013.08.22"]
[Round "6.29"]
[White "Kraidman, Yair"]
[Black "Guido, Flavio"]
[Result "1-0"]
[WhiteElo "2254"]
[BlackElo "2418"]
[PlyCount "49"]
[EventDate "2013.??.??"]

1. d4 Nf6 2. c4 g6 3. Nc3 d5 4. Nf3 Bg7 5. Bf4 O-O 6. Rc1 c5 7. dxc5 dxc4 8.
Qxd8 Rxd8 9. e4 Na6 10. e5 Nh5 11. Be3 Bg4 12. Bxc4 Bxf3 13. gxf3 Bxe5 14. c6
Nc7 15. cxb7 Rab8 16. b3 Rxb7 17. Ke2 Nf4+ 18. Bxf4 Bxf4 19. Rcd1 Rxd1 20. Rxd1
Bxh2 21. Rd7 Kf8 22. Nd5 Bd6 23. Ba6 Ke8 24. Rxd6 Nxd5 25. Rxd5 1-0

[Event "Vienna Chess Open 2013"]
[Site "Großer Festsaal im Wiener Rat"]
[Date "2013.08.22"]
[Round "6.30"]
[White "Hendriks, Willy"]
[Black "Spornberger, Maximilian"]
[Result "1/2-1/2"]
[WhiteElo "2417"]
[BlackElo "2250"]
[PlyCount "83"]
[EventDate "2013.??.??"]

1. e4 e6 2. d4 d5 3. e5 c5 4. c3 Nc6 5. Nf3 Qb6 6. a3 Nh6 7. Bd3 cxd4 8. cxd4
Nf5 9. Bxf5 exf5 10. O-O h6 11. Nc3 Be6 12. b4 Be7 13. Qd3 O-O 14. Ne2 a6 15.
Ng3 Qb5 16. Qe3 Rfc8 17. Bd2 g5 18. Nh5 f4 19. Nxf4 gxf4 20. Qxf4 Bf8 21. Qh4
Qd3 22. Bxh6 Bxh6 23. Qxh6 Nxd4 24. Ng5 Ne2+ 25. Kh1 Rc6 26. Rfe1 Rac8 27. Rad1
Qc2 28. Nxe6 Rxe6 29. Qe3 Nc3 30. Rd4 Ne4 31. Rxd5 Nxf2+ 32. Kg1 Ng4 33. Qf4
Rg6 34. Rd2 Qc4 35. Rd4 Qa2 36. e6 fxe6 37. Rd2 Qb3 38. Qe4 Rg7 39. Rd3 Qc4 40.
Rd8+ Kf7 41. Rd7+ Kg8 42. Rd8+ 1/2-1/2

[Event "Vienna Chess Open 2013"]
[Site "Großer Festsaal im Wiener Rat"]
[Date "2013.08.22"]
[Round "6.31"]
[White "Wallner, Joachim"]
[Black "Linster, Philippe"]
[Result "1/2-1/2"]
[WhiteElo "2407"]
[BlackElo "2244"]
[PlyCount "33"]
[EventDate "2013.??.??"]

1. Nf3 Nf6 2. c4 e6 3. b3 d5 4. Bb2 Be7 5. e3 c5 6. Be2 Nc6 7. O-O d4 8. exd4
cxd4 9. d3 e5 10. Nbd2 O-O 11. a3 a5 12. Ne1 Bf5 13. Bf3 Nd7 14. Bd5 Nf6 15.
Bf3 Nd7 16. Bd5 Nf6 17. Bf3 1/2-1/2

[Event "Vienna Chess Open 2013"]
[Site "Großer Festsaal im Wiener Rat"]
[Date "2013.08.22"]
[Round "6.32"]
[White "Nuri, Kambez"]
[Black "Vyskocil, Neklan"]
[Result "1/2-1/2"]
[WhiteElo "2244"]
[BlackElo "2398"]
[PlyCount "124"]
[EventDate "2013.??.??"]

1. e4 c5 2. Nf3 e6 3. d4 cxd4 4. Nxd4 Nf6 5. Nc3 d6 6. Be2 Be7 7. O-O O-O 8.
Be3 Nc6 9. f4 Qc7 10. Kh1 a6 11. a4 Re8 12. Qe1 Bf8 13. Qg3 Bd7 14. Nb3 Nb4 15.
a5 Bc6 16. Bb6 Qe7 17. Bd3 Nxd3 18. Qxd3 d5 19. e5 Ne4 20. Nxe4 dxe4 21. Qe3
Qb4 22. Rfd1 Bd5 23. Bc5 Qc4 24. Bxf8 Rxf8 25. Nd4 Rac8 26. Rd2 f6 27. Kg1 fxe5
28. fxe5 Rf7 29. b3 Qc3 30. Qxc3 Rxc3 31. Ne2 Rc5 32. c4 Bc6 33. Rd8+ Rf8 34.
Rxf8+ Kxf8 35. Nd4 Ke7 36. Nxc6+ bxc6 37. Kf2 Rxe5 38. Ke3 Rh5 39. h3 Rg5 40.
g4 h5 41. Kf4 Kf6 42. b4 e3 43. Re1 hxg4 44. hxg4 e5+ 45. Kg3 Rg6 46. Rxe3 Ke6
47. Rf3 Rh6 48. Rf8 Rh1 49. Ra8 Rb1 50. Rxa6 Rxb4 51. Rxc6+ Kd7 52. Rg6 Rxc4
53. a6 Ra4 54. Rxg7+ Ke6 55. Rg6+ Kf7 56. Rb6 Ra3+ 57. Kh4 e4 58. Rc6 e3 59.
Kg3 e2+ 60. Kf2 Ra2 61. g5 Kg7 62. Re6 Kh7 1/2-1/2

[Event "Vienna Chess Open 2013"]
[Site "Großer Festsaal im Wiener Rat"]
[Date "2013.08.22"]
[Round "6.33"]
[White "Alvir, Aco"]
[Black "Lechner, Daniel"]
[Result "1-0"]
[WhiteElo "2383"]
[BlackElo "2223"]
[PlyCount "79"]
[EventDate "2013.??.??"]

1. e4 c5 2. Nf3 d6 3. d4 cxd4 4. Nxd4 Nf6 5. Nc3 a6 6. Be3 e5 7. Nb3 Be6 8. f3
Be7 9. Qd2 O-O 10. O-O-O Nbd7 11. g4 b5 12. g5 b4 13. gxf6 bxc3 14. Qxc3 Nxf6
15. Qa5 Qc8 16. Rg1 Nh5 17. Kb1 g6 18. Rd3 Qb7 19. Qb6 Qxb6 20. Bxb6 Rfc8 21.
Be3 a5 22. a3 a4 23. Nc1 Rab8 24. Rd2 Rc7 25. Ba6 Nf4 26. Ka1 Bf6 27. Rgd1 d5
28. c3 dxe4 29. fxe4 Kg7 30. Na2 Bc4 31. Ba7 Re8 32. Bb6 Rc6 33. Nb4 Rxb6 34.
Bxc4 Be7 35. Rd7 Rf6 36. Ra7 Bxb4 37. axb4 Ng2 38. Rdd7 Rf8 39. b5 Ne3 40.
Rxf7+ 1-0

[Event "Vienna Chess Open 2013"]
[Site "Großer Festsaal im Wiener Rat"]
[Date "2013.08.22"]
[Round "6.34"]
[White "Semenova, Irina"]
[Black "Rosner, Jonas"]
[Result "1-0"]
[WhiteElo "2240"]
[BlackElo "2365"]
[PlyCount "94"]
[EventDate "2013.??.??"]

1. e4 c6 2. d4 d5 3. Nc3 dxe4 4. Nxe4 Bf5 5. Ng3 Bg6 6. Nh3 e6 7. Nf4 Bd6 8. c3
Nf6 9. Bc4 Nbd7 10. Nxg6 hxg6 11. Qf3 Qc7 12. Ne4 Nxe4 13. Qxe4 Rxh2 14. Rxh2
Bxh2 15. g3 Bxg3 16. fxg3 Qxg3+ 17. Kd1 Nf6 18. Qf4 Qxf4 19. Bxf4 Ke7 20. Ke2
Nd5 21. Bg3 Rh8 22. Rg1 g5 23. Kf2 f6 24. Bb3 Kd7 25. Re1 b5 26. c4 bxc4 27.
Bxc4 g4 28. a3 a5 29. b3 g5 30. Kg2 a4 31. bxa4 Ra8 32. Bb3 Ra6 33. Rh1 Rb6 34.
Rh7+ Ne7 35. Be1 c5 36. Bc4 Rb2+ 37. Kg3 Rb1 38. Bb5+ Kd6 39. dxc5+ Kd5 40. Bf2
Nf5+ 41. Kxg4 Rb2 42. Rd7+ Ke4 43. Bd3+ Ke5 44. Be1 Ne3+ 45. Kf3 Nd5 46. c6 Rb3
47. Rxd5+ Kxd5 {Ke4+} 1-0

[Event "Vienna Chess Open 2013"]
[Site "Großer Festsaal im Wiener Rat"]
[Date "2013.08.22"]
[Round "6.35"]
[White "Lewicki, Miroslaw"]
[Black "Kuznecov, Mikhail"]
[Result "1/2-1/2"]
[WhiteElo "2188"]
[BlackElo "2364"]
[PlyCount "96"]
[EventDate "2013.??.??"]

1. e4 d6 2. d4 Nf6 3. Bd3 e5 4. Ne2 Be7 5. O-O O-O 6. c4 Nbd7 7. Nbc3 exd4 8.
Nxd4 Re8 9. Bc2 Bf8 10. Bg5 c6 11. Qd2 Ne5 12. b3 h6 13. Be3 Neg4 14. Bf4 Nh5
15. Rad1 Nxf4 16. Qxf4 Qa5 17. Qg3 Nf6 18. f4 Bg4 19. Rde1 Qc5 20. Qd3 Bh5 21.
h3 Bg6 22. f5 Bh7 23. Na4 Qa5 24. g4 Nd7 25. Qc3 Qxc3 26. Nxc3 Ne5 27. Rd1 Rad8
28. Kg2 Kh8 29. Kg3 Bg8 30. Nce2 d5 31. exd5 cxd5 32. cxd5 Rxd5 33. Nf4 Rdd8
34. Nb5 a6 35. Nd4 Bd6 36. h4 g5 37. fxg6 Nxg6 38. Bxg6 fxg6 39. Kg2 Kg7 40. h5
Bxf4 41. Rxf4 Rd5 42. hxg6 Kxg6 43. Rdf1 h5 44. Nf3 Be6 45. gxh5+ Rxh5 46. Kg3
Bd5 47. Rd1 Re3 48. Kf2 Rxf3+ 1/2-1/2

[Event "Vienna Chess Open 2013"]
[Site "Großer Festsaal im Wiener Rat"]
[Date "2013.08.22"]
[Round "6.36"]
[White "Trkulja, Zoran"]
[Black "Barle, Janez"]
[Result "1/2-1/2"]
[WhiteElo "2181"]
[BlackElo "2363"]
[PlyCount "74"]
[EventDate "2013.??.??"]

1. e4 e5 2. Nf3 Nc6 3. Bb5 a6 4. Ba4 d6 5. O-O b5 6. Bb3 Nf6 7. c3 Be7 8. a4
Bd7 9. Re1 O-O 10. d3 Na5 11. Bc2 c5 12. axb5 axb5 13. d4 cxd4 14. cxd4 Qc7 15.
Nc3 Rfc8 16. Bd3 Nc4 17. Rxa8 Rxa8 18. b3 exd4 19. Nxd4 Na3 20. Ncxb5 Nxb5 21.
Nxb5 Bxb5 22. Bxb5 Ra1 23. Bc4 h6 24. Qd4 Qa5 25. Rf1 d5 26. Bd2 Rxf1+ 27. Bxf1
Qa3 28. exd5 Qxb3 29. d6 Bd8 30. g3 Qb8 31. h3 Bb6 32. Qe5 Qa7 33. Qf5 Qa3 34.
Qd3 Qxd3 35. Bxd3 Bc5 36. Bf4 g5 37. Be5 Nd7 1/2-1/2

[Event "Vienna Chess Open 2013"]
[Site "Großer Festsaal im Wiener Rat"]
[Date "2013.08.23"]
[Round "7.1"]
[White "Poetsch, Hagen"]
[Black "Kim, Alexey"]
[Result "1-0"]
[WhiteElo "2446"]
[BlackElo "2477"]
[PlyCount "79"]
[EventDate "2013.??.??"]

1. e4 c6 2. d4 d5 3. e5 Bf5 4. Nf3 e6 5. Be2 Nd7 6. O-O Ne7 7. Nbd2 Bg6 8. Nh4
c5 9. c3 Qb6 10. Nxg6 hxg6 11. Nf3 Nf5 12. g3 Be7 13. h4 a6 14. Rb1 cxd4 15.
cxd4 Nb8 16. b4 Nc6 17. Bb2 Rc8 18. Bc3 O-O 19. Qd2 Rc7 20. Kg2 Rfc8 21. Rb3
Qa7 22. a4 Ra8 23. Kh3 a5 24. b5 Nb4 25. g4 Nh6 26. Bd3 b6 27. Bb1 Rac8 28. h5
g5 29. Bb2 f5 30. exf6 gxf6 31. Qe2 e5 32. dxe5 f5 33. gxf5 g4+ 34. Kh2 gxf3
35. Rxf3 Rc4 36. Rg3+ Kf8 37. f6 Bxf6 38. exf6 Re8 39. Qd2 Nf7 40. Bh7 1-0

[Event "Vienna Chess Open 2013"]
[Site "Großer Festsaal im Wiener Rat"]
[Date "2013.08.23"]
[Round "7.2"]
[White "Novikov, Stanislav"]
[Black "Chatalbashev, Boris"]
[Result "1-0"]
[WhiteElo "2545"]
[BlackElo "2523"]
[PlyCount "121"]
[EventDate "2013.??.??"]

1. e4 d6 2. d4 Nf6 3. Nc3 g6 4. Nf3 Bg7 5. Be2 O-O 6. O-O c5 7. d5 e6 8. Nd2
exd5 9. exd5 Nbd7 10. Nc4 Nb6 11. Ne3 Ne8 12. a4 f5 13. a5 Nd7 14. f4 Ndf6 15.
Bf3 Bd7 16. Qd3 Nc7 17. Bd2 Re8 18. Rae1 b5 19. axb6 axb6 20. Nc4 Nb5 21. Nxb5
Bxb5 22. Bc3 Ba6 23. Re6 Ra7 24. Rfe1 Rae7 25. b3 Ne4 26. Bxg7 Kxg7 27. Bxe4
Rxe6 28. dxe6 Rxe6 29. Qc3+ Qf6 30. Qxf6+ Kxf6 31. Nxb6 Rxe4 32. Nd5+ Kf7 33.
Rxe4 fxe4 34. Kf2 Bb7 35. c4 Ke6 36. Nc3 Kf5 37. Ke3 h5 38. Nb5 Ke6 39. g3 Bc6
40. Nc3 Kf5 41. h3 Bb7 42. Nxe4 Ke6 43. g4 hxg4 44. hxg4 Bc8 45. Nc3 Kf7 46.
Kf3 Bb7+ 47. Kg3 Ke6 48. Kh4 Bg2 49. Kg5 Bf3 50. f5+ gxf5 51. gxf5+ Kf7 52. Kf4
Bg2 53. Nd1 Bf1 54. Ne3 Bd3 55. Kg5 Bb1 56. f6 Ke6 57. Nd5 Bc2 58. Nc7+ Kf7 59.
Nb5 Ke6 60. Nxd6 Kxd6 61. Kh6 {Kd5} 1-0

[Event "Vienna Chess Open 2013"]
[Site "Großer Festsaal im Wiener Rat"]
[Date "2013.08.23"]
[Round "7.3"]
[White "Handler, Lukas"]
[Black "Guliyev, Namig"]
[Result "1-0"]
[WhiteElo "2393"]
[BlackElo "2562"]
[PlyCount "185"]
[EventDate "2013.??.??"]

1. d4 d5 2. c4 dxc4 3. e4 Nf6 4. e5 Nd5 5. Bxc4 Nb6 6. Bd3 Nc6 7. Be3 Be6 8.
Nc3 Qd7 9. Nf3 Bg4 10. h3 Bh5 11. Be4 e6 12. O-O Be7 13. a3 Rd8 14. Rc1 O-O 15.
Ne2 Nd5 16. Ng3 Bg6 17. Bxg6 fxg6 18. Ne4 h6 19. Qc2 g5 20. Nfd2 Kh8 21. Nb3
Qc8 22. Nc3 Nxc3 23. Qxc3 Rd5 24. f4 gxf4 25. Bxf4 Qd7 26. Be3 a5 27. Rxf8+
Bxf8 28. Rf1 Kg8 29. Qc2 Qe8 30. Qe4 Rd7 31. Qg4 h5 32. Qe4 Rf7 33. Rc1 Qd8 34.
Nc5 Bxc5 35. Rxc5 Ne7 36. Rxa5 Nd5 37. Rc5 c6 38. Rc2 Qb6 39. Qd3 Rf5 40. Kh2
Qb5 41. Qxb5 cxb5 42. Bd2 Rf1 43. Bg5 Kf7 44. Rc5 b4 45. axb4 Kg6 46. h4 Rd1
47. Rc4 Kf5 48. b5 Rd3 49. b6 Rb3 50. Rc7 Rxb6 51. Rxg7 Rxb2 52. Rh7 b5 53.
Rxh5 Kg4 54. Rh8 b4 55. Bf6 b3 56. Rg8+ Kf5 57. h5 Rf2 58. h6 b2 59. h7 b1=Q
60. h8=Q Ke4 61. Qh7+ Rf5 62. Rg4+ Ke3 63. Bg5+ Ke2 64. Qh5 Kd3 65. Qh4 Kc4 66.
Bf4 Qd1 67. Qg3 Nc3 68. d5 Ne4 69. Qh4 Qxd5 70. Bg3 Kd3 71. Rf4 Rxf4 72. Bxf4
Qd7 73. Qh3+ Kc4 74. Qe3 Qh7+ 75. Kg1 Nc3 76. Qe1 Qd3 77. Qe3 Qf5 78. g3 Qc2
79. Qf2 Ne2+ 80. Kg2 Qd1 81. Qf1 Qc2 82. Kf2 Kd3 83. Be3 Qb2 84. Qd1+ Ke4 85.
Qxe2 Qa1 86. Bf4+ Kd4 87. Qd2+ Ke4 88. Qe3+ Kd5 89. Qd3+ Kc6 90. Qd6+ Kb7 91.
Qxe6 Qb2+ 92. Kf3 Qb3+ 93. Qxb3+ 1-0